Assessment of human well-being in India: a multidimensional approach (Record no. 10882)
[ view plain ]
| 000 -LEADER | |
|---|---|
| fixed length control field | 00268nam a2200109Ia 4500 |
| 082 ## - DEWEY DECIMAL CLASSIFICATION NUMBER | |
| Classification number | RP.0312 |
| 100 ## - MAIN ENTRY--AUTHOR NAME | |
| Personal name | Prasad, Narayan |
| 245 #0 - TITLE STATEMENT | |
| Title | Assessment of human well-being in India: a multidimensional approach |
| 260 ## - PUBLICATION, DISTRIBUTION, ETC. (IMPRINT) | |
| Year of publication | 2016 |
| 300 ## - PHYSICAL DESCRIPTION | |
| Number of Pages | xiii, 231p |
| 942 ## - ADDED ENTRY ELEMENTS (KOHA) | |
| Koha item type | Books |
| Source of classification or shelving scheme | Dewey Decimal Classification |
| Withdrawn status | Lost status | Damaged status | Not for loan | Collection code | Home library | Current library | Date acquired | Source of acquisition | Bill Date | Full call number | Accession Number | Price effective from | Koha item type |
|---|---|---|---|---|---|---|---|---|---|---|---|---|---|
| Not For Loan | ICSSR Research Project Reports | NASSDOC Library | NASSDOC Library | 03/08/2018 | Gifted by : RP Divison ICSSR | 2018-07-05 | RP.0312 | 49971 | 18/04/2019 | Research Reports |
